इक्कीसवी सदी का लड़का / (Record no. 117010)

MARC details
000 -LEADER
fixed length control field 01172nam a22002777a 4500
003 - CONTROL NUMBER IDENTIFIER
control field dpl
005 - DATE AND TIME OF LATEST TRANSACTION
control field 20180712161919.0
008 - FIXED-LENGTH DATA ELEMENTS--GENERAL INFORMATION
fixed length control field 180712b xxu||||| |||| 00| 0 eng d
010 ## - LIBRARY OF CONGRESS CONTROL NUMBER
LC control number B-000218
020 ## - INTERNATIONAL STANDARD BOOK NUMBER
Terms of availability 150.00
035 ## - SYSTEM CONTROL NUMBER
System control number B-000218, B-000222
037 ## - SOURCE OF ACQUISITION
Source of stock number/acquisition Cen Lib/Ret
040 ## - CATALOGING SOURCE
Original cataloging agency DPL
Language of cataloging HN
Transcribing agency 0
082 ## - DEWEY DECIMAL CLASSIFICATION NUMBER
Classification number
Item number शर्माक्ष
100 ## - MAIN ENTRY--PERSONAL NAME
Personal name शर्मा, क्षमा
9 (RLIN) 69544
245 ## - TITLE STATEMENT
Title इक्कीसवी सदी का लड़का /
Statement of responsibility, etc क्षमा शर्मा
246 ## - VARYING FORM OF TITLE
Title proper/short title Ikkeesvi sadi ka ladka /
Remainder of title by Shama Sharma
260 ## - PUBLICATION, DISTRIBUTION, ETC. (IMPRINT)
Place of publication, distribution, etc नयी दिल्ली
Name of publisher, distributor, etc सामयिक प्रकाशन
Date of publication, distribution, etc 1999
270 ## - ADDRESS
City नयी दिल्ली
Postal code 110002
Address 3320-21 जटवाड़ा, नेताजी सुभाष मार्ग, दरियागंज
300 ## - PHYSICAL DESCRIPTION
Extent 160पृ.
Dimensions 21सेमी(सजिल्द)
650 ## - SUBJECT ADDED ENTRY--TOPICAL TERM
Topical term or geographic name as entry element हिन्दी साहित्य
9 (RLIN) 69545
650 ## - SUBJECT ADDED ENTRY--TOPICAL TERM
Topical term or geographic name as entry element हिन्दी -- लघु कथाएँ
9 (RLIN) 45972
650 ## - SUBJECT ADDED ENTRY--TOPICAL TERM
Topical term or geographic name as entry element Hindi literature
9 (RLIN) 69546
650 ## - SUBJECT ADDED ENTRY--TOPICAL TERM
Topical term or geographic name as entry element Hindi -- short stories
9 (RLIN) 29625
942 ## - ADDED ENTRY ELEMENTS (KOHA)
Source of classification or shelving scheme Dewey Decimal Classification
Koha item type Hindi Books
Classification part
Call number suffix शर्माक्ष
Holdings
Withdrawn status Lost status Damaged status Not for loan Home library Current library Date acquired Source of acquisition Cost, normal purchase price Total Checkouts Full call number Barcode Date last seen Copy number Cost, replacement price Price effective from Koha item type Source of classification or shelving scheme Collection code
        Central Library Central Library 26/08/2015 Cen Lib/Ret 150.00   क शर्माक्ष B-000218 26/08/2015 1 150.00 26/08/2015 Hindi Books    
        Shahdara Branch Shahdara Branch 12/07/2018 BPPD/PUB 150.00   क शर्माक्ष B-000222 12/07/2018   150.00 12/07/2018 Hindi Books Dewey Decimal Classification Fiction

© Delhi Public Library
Hit Counter
free hit counter